[Event "SLO-chT2 West"]
[Site "Komenda"]
[Date "2016.11.12"]
[Round "3.3"]
[White "Djuric, Petar2222"]
[Black "Muhic, Jure"]
[Result "1-0"]
[WhiteElo "2112"]
[BlackElo "1870"]
[PlyCount "69"]
[EventDate "2016.11.11"]
[EventType "team-tourn"]
[EventRounds "9"]
[EventCountry "SLO"]
[SourceTitle "EXT 2019"]
[Source "ChessBase"]
[SourceDate "2018.10.10"]
[SourceVersion "1"]
[SourceVersionDate "2018.10.10"]
[SourceQuality "1"]
[WhiteTeam "Kranj Stari Mayr"]
[BlackTeam "Dolenjske Toplice"]
[WhiteTeamCountry "SLO"]
[BlackTeamCountry "SLO"]

1. c4 Nf6 2. Nf3 g6 3. g3 Bg7 4. Bg2 d5 5. cxd5 Nxd5 6. 0-0 0-0 7. Nc3 c6 8. Qc2 e5 9. d3 Na6 10. a3 Nac7 11. Bd2 f6 12. Rac1 Be6 13. Ne4 Bf7 14. Nc5 Rb8 15. b4 Ne6 16. Qa4 a6 17. Qc2 Nd4 18. Nxd4 exd4 19. Nb3 f5 20. Na5 Re8 21. Rfe1 Be5 22. e4 dxe3 23. fxe3 Bg7 24. Kh1 Nf6 25. Re2 Bd5 26. e4 fxe4 27. dxe4 Be6 28. Bf4 Rc8 29. Nxb7 Qd4 30. Nd6 Red8 31. Nxc8 Rxc8 32. Rd2 Qb6 33. Qc5 Qxc5 34. Rxc5 Nh5 35. Rd6 1-0

[Event "SLO-chT2 West"]
[Site "Slovenia"]
[Date "2015.11.08"]
[Round "7"]
[White "Sajn, Simon"]
[Black "Muhic, Jure"]
[Result "1-0"]
[WhiteElo "2077"]
[BlackElo "1849"]
[PlyCount "89"]
[EventDate "2015.10.17"]
[EventType "team-tourn"]
[EventRounds "7"]
[EventCountry "SLO"]
[SourceTitle "EXT 2019"]
[Source "ChessBase"]
[SourceDate "2018.10.10"]
[SourceVersion "1"]
[SourceVersionDate "2018.10.10"]
[SourceQuality "1"]
[WhiteTeam "Ilirska Bistrica Rimex"]
[BlackTeam "Dolenjske Toplice"]
[WhiteTeamCountry "SLO"]
[BlackTeamCountry "SLO"]

1. d4 f5 2. g3 Nf6 3. Bg2 g6 4. c4 Bg7 5. Nc3 c6 6. Nf3 d6 7. 0-0 0-0 8. d5 e5 9. dxe6 Bxe6 10. Qd3 Na6 11. Ng5 Re8 12. Rd1 h6 13. Nxe6 Rxe6 14. Bf4 d5 15. cxd5 Nb4 16. Qc4 Nbxd5 17. Nxd5 cxd5 18. Rxd5 Qe7 19. Rd6 Re8 20. Rad1 Kh8 21. Rxe6 Qxe6 22. Qxe6 Rxe6 23. Rd8+ Kh7 24. Bxb7 Rb6 25. Bf3 Rxb2 26. Rd2 Rxd2 27. Bxd2 Ne4 28. Bxe4 fxe4 29. Be3 a6 30. g4 g5 31. Kg2 Be5 32. h3 Kg6 33. f3 exf3+ 34. Kxf3 h5 35. Ke4 Bc7 36. Bd4 hxg4 37. hxg4 a5 38. a4 Bd6 39. Kd5 Bb4 40. e4 Kf7 41. e5 Bd2 42. e6+ Ke7 43. Ke5 Bf4+ 44. Kf5 Bd2 45. Bf6+ 1-0

[Event "SLO-chT2 West"]
[Site "Slovenia"]
[Date "2015.11.07"]
[Round "6"]
[White "Muhic, Jure"]
[Black "Prestrl, Jozef"]
[Result "1-0"]
[WhiteElo "1849"]
[BlackElo "1945"]
[PlyCount "67"]
[EventDate "2015.10.17"]
[EventType "team-tourn"]
[EventRounds "7"]
[EventCountry "SLO"]
[SourceTitle "EXT 2019"]
[Source "ChessBase"]
[SourceDate "2018.10.10"]
[SourceVersion "1"]
[SourceVersionDate "2018.10.10"]
[SourceQuality "1"]
[WhiteTeam "Dolenjske Toplice"]
[BlackTeam "Radovljica"]
[WhiteTeamCountry "SLO"]
[BlackTeamCountry "SLO"]

1. c4 Nf6 2. g3 c6 3. Bg2 g6 4. Nc3 Bg7 5. Nf3 0-0 6. e4 d6 7. 0-0 Bg4 8. h3 Bxf3 9. Qxf3 Nbd7 10. Rb1 e5 11. Qe3 Nh5 12. Bf3 Nhf6 13. b4 b6 14. b5 c5 15. Bg2 Rb8 16. f4 Bh6 17. d3 exf4 18. gxf4 Nh5 19. Qf2 Bg7 20. Nd5 Bd4 21. Be3 Bxe3 22. Nxe3 Ng7 23. f5 Ne5 24. f6 Ne8 25. Nd5 Rb7 26. Qe3 Kh8 27. Rf4 g5 28. Rf5 h6 29. h4 Rg8 30. hxg5 Rxg5 31. Rxg5 hxg5 32. Qxg5 Ng6 33. Bh3 Nc7 34. Qh6+ 1-0

[Event "SLO-chT2 West"]
[Site "Ljubljana"]
[Date "2014.10.19"]
[Round "4.4"]
[White "Baraga, Bojan"]
[Black "Muhic, Jure"]
[Result "0-1"]
[WhiteElo "1800"]
[BlackElo "1779"]
[PlyCount "90"]
[EventDate "2014.10.17"]
[EventType "team-tourn"]
[EventRounds "9"]
[EventCountry "SLO"]
[SourceTitle "EXT 2019"]
[Source "ChessBase"]
[SourceDate "2018.10.10"]
[SourceVersion "1"]
[SourceVersionDate "2018.10.10"]
[SourceQuality "1"]
[WhiteTeam "Loska Dolina"]
[BlackTeam "Dolenjske Toplice"]
[WhiteTeamCountry "SLO"]
[BlackTeamCountry "SLO"]

1. d4 Nf6 2. e3 g6 3. Nf3 Bg7 4. Be2 b6 5. 0-0 Bb7 6. Nbd2 0-0 7. b3 c5 8. c3 Nd5 9. Bb2 Nc6 10. Rc1 d6 11. a3 Nc7 12. Qc2 e5 13. h3 Qe7 14. Rfd1 exd4 15. cxd4 Rac8 16. dxc5 dxc5 17. Bxg7 Kxg7 18. Nc4 Rcd8 19. Qc3+ Qf6 20. Nd6 Ba8 21. Rd2 Qxc3 22. Rxc3 Ne7 23. e4 Ncd5 24. exd5 Rxd6 25. Bc4 f6 26. Rcd3 Rfd8 27. Re2 Nxd5 28. Nd2 Nf4 29. Re7+ Kh6 30. Rxd6 Rxd6 31. Nf1 Bxg2 32. Ng3 Bxh3 33. Bg8 f5 34. Rxh7+ Kg5 35. Rxa7 Bg4 36. Bc4 Rd1+ 37. Kh2 Rd2 38. Nh1 Bf3 39. Rh7 Nh5 40. Rc7 f4 41. Re7 Rd1 42. Re5+ Kh6 43. Rxh5+ gxh5 44. Ng3 fxg3+ 45. Kxg3 Bd5 0-1

[Event "SLO-chT2 West"]
[Site "Ljubljana"]
[Date "2013.11.16"]
[Round "7.4"]
[White "Muhic, Jure"]
[Black "Bulatovic, Milorad"]
[Result "0-1"]
[WhiteElo "1694"]
[BlackElo "1912"]
[PlyCount "170"]
[EventDate "2013.11.08"]
[EventType "team"]
[EventRounds "9"]
[EventCountry "SLO"]
[SourceTitle "EXT 2015"]
[Source "ChessBase"]
[SourceDate "2014.11.20"]
[SourceVersion "1"]
[SourceVersionDate "2014.11.20"]
[SourceQuality "1"]
[WhiteTeam "Dolenjske Toplice"]
[BlackTeam "Stari Mayr Kranj"]
[WhiteTeamCountry "SLO"]
[BlackTeamCountry "SLO"]

1. c4 c5 2. Nc3 Nc6 3. Nf3 g6 4. d4 cxd4 5. Nxd4 Bg7 6. e3 a6 7. Be2 Qa5 8. 0-0 Nf6 9. a3 0-0 10. Rb1 Nxd4 11. Qxd4 d6 12. b4 Qd8 13. Nd5 Bf5 14. Rb3 Bc2 15. Rb2 Nxd5 16. Qxd5 Bxb2 17. Bxb2 Rb8 18. f4 Bf5 19. g4 Be6 20. Qd4 f6 21. g5 Qd7 22. Rf2 b5 23. gxf6 exf6 24. cxb5 axb5 25. Rg2 d5 26. Bf3 Kg7 27. h4 Rbc8 28. h5 Rc4 29. Qd3 Bf5 30. Qxd5 Qxd5 31. Bxd5 Rc2 32. hxg6 hxg6 33. Bd4 Rxg2+ 34. Kxg2 Re8 35. Kg3 Be4 36. Bb3 Ra8 37. Bb2 Kh7 38. Bd1 Rd8 39. Bd4 f5 40. a4 bxa4 41. Bxa4 Ra8 42. Bd7 Ra2 43. b5 Rc2 44. b6 Bb7 45. Be6 Kh6 46. Bd7 Kh5 47. Ba4 Rg2+ 48. Kh3 g5 49. Be8+ Kh6 50. fxg5+ Kxg5 51. Be5 Re2 52. Bf4+ Kf6 53. Bd7 Rb2 54. Kg3 Rxb6 55. Kf2 Be4 56. Be8 Ke7 57. Ba4 Rb4 58. Bd1 Rb2+ 59. Kg3 Ke6 60. Bf3 Bxf3 61. Kxf3 Kd5 62. Bg5 Rb4 63. Bf4 Rb1 64. Bh6 Rf1+ 65. Kg2 Ra1 66. Kf3 Ra3 67. Kf4 Ke6 68. Kf3 Ke5 69. Bf4+ Kd5 70. Bh6 Kc4 71. Bf4 Kd3 72. Bh6 Ra4 73. Bf4 Rc4 74. Bh6 Rh4 75. Bf4 Rh5 76. Kf2 Rh3 77. Bg5 Ke4 78. Bf4 Rf3+ 79. Ke2 Rh3 80. Kf2 Rh1 81. Bc7 Rb1 82. Bf4 Rb2+ 83. Ke1 Kf3 84. Bh6 Re2+ 85. Kf1 Rh2 0-1

[Event "SLO-chT2 West"]
[Site "Ljubljana"]
[Date "2013.11.15"]
[Round "6.4"]
[White "Rozic, Adrijan"]
[Black "Muhic, Jure"]
[Result "1/2-1/2"]
[WhiteElo "2099"]
[BlackElo "1694"]
[PlyCount "49"]
[EventDate "2013.11.08"]
[EventType "team"]
[EventRounds "9"]
[EventCountry "SLO"]
[SourceTitle "EXT 2015"]
[Source "ChessBase"]
[SourceDate "2014.11.20"]
[SourceVersion "1"]
[SourceVersionDate "2014.11.20"]
[SourceQuality "1"]
[WhiteTeam "Ig"]
[BlackTeam "Dolenjske Toplice"]
[WhiteTeamCountry "SLO"]
[BlackTeamCountry "SLO"]

1. d4 Nf6 2. Nf3 e6 3. e3 b6 4. Bd3 Bb7 5. 0-0 Ne4 6. c4 Be7 7. Nbd2 f5 8. Ne5 0-0 9. Qc2 Nxd2 10. Bxd2 d6 11. Nf3 Nd7 12. e4 g6 13. b4 Nf6 14. Ng5 Qc8 15. exf5 exf5 16. Rfe1 Re8 17. f3 Nh5 18. d5 Bf6 19. Rxe8+ Qxe8 20. Re1 Qd7 21. Ne6 Ng7 22. Bc3 Bxc3 23. Qxc3 Nxe6 24. Rxe6 Re8 25. Rxe8+ 1/2-1/2

[Event "SLO-chT2 West"]
[Site "Ljubljana"]
[Date "2013.11.09"]
[Round "2.4"]
[White "Bajec, Borut"]
[Black "Muhic, Jure"]
[Result "0-1"]
[WhiteElo "1835"]
[BlackElo "1694"]
[PlyCount "74"]
[EventDate "2013.11.08"]
[EventType "team"]
[EventRounds "9"]
[EventCountry "SLO"]
[SourceTitle "EXT 2015"]
[Source "ChessBase"]
[SourceDate "2014.11.20"]
[SourceVersion "1"]
[SourceVersionDate "2014.11.20"]
[SourceQuality "1"]
[WhiteTeam "Trzin"]
[BlackTeam "Dolenjske Toplice"]
[WhiteTeamCountry "SLO"]
[BlackTeamCountry "SLO"]

1. d4 Nf6 2. c4 g6 3. Nc3 d5 4. cxd5 Nxd5 5. e4 Nxc3 6. bxc3 Bg7 7. Nf3 0-0 8. Bc4 c5 9. 0-0 Nc6 10. Be3 Na5 11. Be2 Be6 12. d5 Bg4 13. Rc1 b6 14. c4 Nb7 15. h3 Bxf3 16. Bxf3 e5 17. Qd2 Nd6 18. Bh6 f5 19. Bxg7 Kxg7 20. exf5 gxf5 21. Rc3 Qf6 22. Re1 Kh8 23. Qe3 e4 24. Bh5 Rg8 25. f4 Qd4 26. Be2 Rg6 27. Rd1 Qg7 28. g4 fxg4 29. hxg4 Nf5 30. Qc1 Nd4 31. Kf2 Nxe2 32. Kxe2 Rxg4 33. Rf1 Rf8 34. Rf2 Rg1 35. Rf1 Qg4+ 36. Kd2 Rg2+ 37. Ke1 Qe2# 0-1

[Event "SLO-chT West"]
[Site "Bled"]
[Date "2004.11.12"]
[Round "6"]
[White "Muhic, Jure"]
[Black "Ivanusa, Blaz"]
[Result "1/2-1/2"]
[WhiteElo "1972"]
[BlackElo "2013"]
[PlyCount "90"]
[EventDate "2004.11.05"]
[EventType "team"]
[EventRounds "9"]
[EventCountry "SLO"]
[SourceTitle "EXT 2009"]
[Source "ChessBase"]
[SourceDate "2008.11.26"]
[SourceVersion "1"]
[SourceVersionDate "2008.11.26"]
[SourceQuality "1"]

1. c4 e6 2. g3 d5 3. Bg2 Nf6 4. d4 Be7 5. Nf3 0-0 6. Nc3 c6 7. 0-0 b6 8. b3 Nbd7 9. Bb2 a5 10. Re1 Ba6 11. cxd5 cxd5 12. e3 b5 13. Bf1 Qb6 14. Bd3 Rfc8 15. Qe2 Bb4 16. Rec1 Bxc3 17. Rxc3 Rxc3 18. Bxc3 b4 19. Bb2 Bxd3 20. Qxd3 Rc8 21. a3 Ne4 22. axb4 axb4 23. Nd2 Nd6 24. Rc1 Rxc1+ 25. Bxc1 Qc6 26. Bb2 f6 27. Qf1 Qc2 28. Qc1 Qxc1+ 29. Bxc1 Nb8 30. Kf1 Nc6 31. Ke2 Kf7 32. Nf3 Ne4 33. Bd2 Nxd2 34. Kxd2 h6 35. Ne1 e5 36. Kd3 e4+ 37. Ke2 Ke6 38. Nc2 Kd6 39. h4 g5 40. hxg5 fxg5 41. g4 Na5 42. Nxb4 Nxb3 43. f3 exf3+ 44. Kxf3 Nd2+ 45. Kg3 Ne4+ 1/2-1/2

[Event "SLO-chT2W"]
[Site "Bled"]
[Date "2003.11.15"]
[Round "8"]
[White "Sokac, Stefan"]
[Black "Muhic, Jure"]
[Result "1/2-1/2"]
[WhiteElo "1746"]
[BlackElo "1980"]
[PlyCount "20"]
[EventDate "2003.11.07"]
[EventType "team"]
[EventRounds "8"]
[EventCountry "SLO"]
[SourceTitle "EXT 2005"]
[Source "ChessBase"]
[SourceDate "2004.11.15"]
[SourceVersion "1"]
[SourceVersionDate "2004.11.15"]
[SourceQuality "1"]

1. e4 c6 2. Nf3 d5 3. exd5 cxd5 4. d4 Nc6 5. c3 Bg4 6. Bd3 e6 7. 0-0 Bd6 8. Be3 Nf6 9. Nbd2 Rc8 10. Re1 0-0 1/2-1/2

[Event "SLO-chT2W"]
[Site "Bled"]
[Date "2003.11.13"]
[Round "5"]
[White "Muhic, Jure"]
[Black "Ivanusa, Blaz"]
[Result "1/2-1/2"]
[WhiteElo "1980"]
[BlackElo "2029"]
[PlyCount "47"]
[EventDate "2003.11.07"]
[EventType "team"]
[EventRounds "8"]
[EventCountry "SLO"]
[SourceTitle "EXT 2005"]
[Source "ChessBase"]
[SourceDate "2004.11.15"]
[SourceVersion "1"]
[SourceVersionDate "2004.11.15"]
[SourceQuality "1"]

1. c4 c6 2. d4 d5 3. e3 Bf5 4. Nc3 e6 5. Bd3 Bxd3 6. Qxd3 Nf6 7. Nf3 Nbd7 8. 0-0 Be7 9. b3 0-0 10. e4 dxe4 11. Nxe4 Nxe4 12. Qxe4 Bf6 13. Bf4 a5 14. Rad1 Qe7 15. Ne5 a4 16. Nxd7 Qxd7 17. Be5 Qe7 18. Rd3 axb3 19. axb3 Ra3 20. Rh3 g6 21. Qf4 Bxe5 22. dxe5 f5 23. exf6 Rxf6 24. Qe4 1/2-1/2

[Event "SLO-chT West"]
[Site "Bled"]
[Date "2001.11.25"]
[Round "7"]
[White "Sirnik, Bostjan"]
[Black "Muhic, Jure"]
[Result "1-0"]
[WhiteElo "2164"]
[BlackElo "1994"]
[PlyCount "53"]
[EventDate "2001.11.18"]
[EventType "team"]
[EventRounds "7"]
[EventCountry "SLO"]
[SourceTitle "EXT 2003"]
[Source "ChessBase"]
[SourceDate "2002.11.25"]
[SourceVersion "1"]
[SourceVersionDate "2002.11.25"]
[SourceQuality "1"]

1. d4 c6 2. c4 d5 3. Nf3 Nf6 4. e3 e6 5. Bd3 Bb4+ 6. Bd2 Bxd2+ 7. Nbxd2 0-0 8. 0-0 Nbd7 9. Qe2 Re8 10. e4 e5 11. dxe5 Nxe5 12. Nxe5 Rxe5 13. f4 Rh5 14. f5 dxe4 15. Nxe4 Qd4+ 16. Kh1 Nxe4 17. Bxe4 g6 18. Rad1 Qe5 19. Rd8+ Kg7 20. f6+ Kh6 21. Qe3+ g5 22. g3 Qxb2 23. h4 Bh3 24. Rxa8 Bxf1 25. Rh8 Bg2+ 26. Bxg2 Qxf6 27. Rg8 1-0

[Event "SLO-chT West"]
[Site "Bled"]
[Date "2001.11.23"]
[Round "5"]
[White "Marinsek, Tomaz"]
[Black "Muhic, Jure"]
[Result "1-0"]
[WhiteElo "2211"]
[BlackElo "1994"]
[PlyCount "73"]
[EventDate "2001.11.18"]
[EventType "team"]
[EventRounds "7"]
[EventCountry "SLO"]
[SourceTitle "EXT 2003"]
[Source "ChessBase"]
[SourceDate "2002.11.25"]
[SourceVersion "1"]
[SourceVersionDate "2002.11.25"]
[SourceQuality "1"]

1. e4 c6 2. Nc3 d5 3. d4 dxe4 4. Nxe4 Nf6 5. Ng3 Qc7 6. Nf3 Bg4 7. Be2 Nbd7 8. 0-0 Rd8 9. Ng5 Bxe2 10. Qxe2 h6 11. Nh3 e6 12. Bf4 Bd6 13. Bxd6 Qxd6 14. Nf5 Qd5 15. Nxg7+ Ke7 16. Nf4 Qe4 17. Qd2 Nd5 18. Ngh5 Rhg8 19. Rfe1 Qf5 20. Nxd5+ Qxd5 21. Nf4 Qg5 22. Re3 Nb6 23. Rg3 Qb5 24. Re1 Rxg3 25. hxg3 Qxb2 26. Re4 Nd5 27. Nd3 Qxa2 28. Qxh6 Qxc2 29. Qh4+ Ke8 30. Ne5 Qc1+ 31. Kh2 Qa3 32. Nxf7 Qe7 33. Ng5 Kd7 34. Rxe6 Qg7 35. Rh6 Nf6 36. Qh3+ Kd6 37. Rxf6+ 1-0